• 首页
  • 本馆介绍
  • 公告通知
  • 最新文献
  • 馆藏检索
  • 电子资源
  • 读者导购
  • 参考咨询
  • 我的图书馆
  • 登录
  • 详细信息显示
  • 放入我的书架
  • 预约/预借图书
  • 作者相关作品
  • 分类相关作品
  • 丛书相关作品
  • 出版社相关作品

书目信息

  • 表格格式
  • 工作单格式
  • 卡片格式
题名:
千金方
    
 
作者: 孙思邈 著 ;一木 编校
分册: 上  
出版信息: 长春   吉林人民出版社  2005
页数: 12,342页
开本: 21cm
丛书名:
单 册:
中图分类: R289.342
科图分类:
主题词:
电子资源:
ISBN: 7-206-02168-9
000 00870nam0 2200265 45
001 01200620026
005 20061214091538.46
010    @a7-206-02168-9@dCNY83.80(全3册)
092    @aCN@b496272
100    @a20060613d2005 em y0chiy0121 ea
101 0  @achi
102    @aCN@b220000
105    @ac z 000yy
200 1  @a千金方@9qian jin fang@e备急千金要方@h上@f(唐)孙思邈著@g一木编校
205    @a2版
210    @a长春@c吉林人民出版社@d2005
215    @a12,342页@c画像@d21cm
330    @a从目录上可知、分上、中、下三编:上编是小说,中编是散文,下编是曲艺作品。选集虽然篇幅有限,但所包含的作品有许多是老舍先生的代表作。
517 1  @a备急千金要方@9bei ji qian jin yao fang
605    @a千金方
690    @aR289.342@v4
701  0 @a孙思邈@9sun si miao@4著
702  0 @a一木@9yi mu@4编校
801  0 @aCN@bLZJBOOK@c20061214
905    @a10447@dR289.342@e197:1=2
    
    千金方:备急千金要方.上/(唐)孙思邈著/一木编校.-2版.-长春:吉林人民出版社,2005
    12,342页:画像;21cm
    
    
    ISBN 7-206-02168-9:CNY83.80(全3册)
    从目录上可知、分上、中、下三编:上编是小说,中编是散文,下编是曲艺作品。选集虽然篇幅有限,但所包含的作品有许多是老舍先生的代表作。
●
相关链接 在E读中查询图书 在五车中查询图书 在当当中查询图书 在豆瓣中查询图书


正题名:千金方     索取号:R289.342/197:1=2         预约/预借

序号 登录号 条形码 馆藏地/架位号 状态 备注
1 0550231   205502311   第二样本阅览室/ [索取号:R289.342/197:1=2] 在馆    
2 0550232   205502320   第三借阅区/ [索取号:R289.342/197:1=2] 在馆    
3 0550233   205502339   教育系资料室/ [索取号:R289.342/197:1=2] 在馆    
4 0550234   205502348   教育系资料室/ [索取号:R289.342/197:1=2] 在馆    
5 0550235   205502357   第三借阅区/ [索取号:R289.342/197:1=2] 在馆    
6 0550236   205502366   教育系资料室/ [索取号:R289.342/197:1=2] 在馆    
7 0550237   205502375   第三借阅区/ [索取号:R289.342/197:1=2] 在馆    
8 0550238   205502384   第三借阅区/ [索取号:R289.342/197:1=2] 在馆    
唐山师范学院图书馆 欢迎您!
大连网信软件有限公司© 版权所有